Здравоохранение Башкортостана. Специальный выпуск. 2005, № 3: Актуальные вопросы урологии. Заболевания предстательной железы. Новые технологии в урологии (Запись № 4080074)
[ простой вид ]
| 000 -МАРКЕР | |
|---|---|
| контрольное поле | 01460nam2a22003011 4500 |
| 001 - ИДЕНТИФИКАТОР ЗАПИСИ | |
| контрольное поле | RU\NLR\Per\725816 |
| 005 - ИДЕНТИФИКАТОР ВЕРСИИ | |
| контрольное поле | 20250617184219.0 |
| 035 ## - ДРУГИЕ СИСТЕМНЫЕ НОМЕРА | |
| Идентификатор записи | (NLR Aleph) 002972785 |
| 100 ## - ДАННЫЕ ОБЩЕЙ ОБРАБОТКИ | |
| Данные общей обработки | 20101203d2005 |||y0rusy50 ca |
| 101 0# - ЯЗЫК РЕСУРСА | |
| Язык текста, звукозаписи и т.д. | русский |
| 102 ## - СТРАНА ПУБЛИКАЦИИ ИЛИ ПРОИЗВОДСТВА | |
| Страна публикации | Российская Федерация |
| 105 ## - ПОЛЕ КОДИРОВАННЫХ ДАННЫХ: ТЕКСТОВЫЕ МАТЕРИАЛЫ, МОНОГРАФИЧЕСКИЕ | |
| Кодированные данные о монографическом текстовом документе | y ||||||||| |
| 200 1# - ЗАГЛАВИЕ И СВЕДЕНИЯ ОБ ОТВЕТСТВЕННОСТИ | |
| Основное заглавие | Актуальные вопросы урологии. Заболевания предстательной железы. Новые технологии в урологии |
| 210 ## - ПУБЛИКАЦИЯ, РАСПРОСТРАНЕНИЕ И ДР. | |
| Дата издания, распространения и т.д. | 2005 |
| Место издания, распространения и т.д. | Б. м. |
| 461 #0 - УРОВЕНЬ НАБОРА | |
| Встроенное поле | 001RU\NLR\Per\800764 |
| -- | 2001#$aЗдравоохранение Башкортостана. Специальный выпуск$eнаучно-практический журнал$v2005, № 3 |
| Системный номер (АБИС) связанной записи | 2087047 |
| Место публикации | Уфа |
| Дата публикации | 1998 - 2006 |
| Имя издателя, распространителя и т.д. | [б. и.] |
| Сведения, относящиеся к заглавию | научно-практический журнал |
| Заглавие | Здравоохранение Башкортостана. Специальный выпуск |
| ISSN | 0869-6306 |
| Номер тома | 2005, № 3 |
| 606 1# - НАИМЕНОВАНИЕ ТЕМЫ КАК ПРЕДМЕТ | |
| Наименование темы | Урология |
| Формальный подзаголовок | Сборники |
| Системный номер авторитетной/нормативной записи | 925794 |
| Идентификатор авторитетной/нормативной записи | RU\NLR\AUTH\6621413 |
| 606 1# - НАИМЕНОВАНИЕ ТЕМЫ КАК ПРЕДМЕТ | |
| Наименование темы | Урология |
| Формальный подзаголовок | Сборники |
| Тематический подзаголовок | Инновационные технологии |
| Системный номер авторитетной/нормативной записи | 2614858 |
| Идентификатор авторитетной/нормативной записи | RU\NLR\AUTH\661551416 |
| 606 1# - НАИМЕНОВАНИЕ ТЕМЫ КАК ПРЕДМЕТ | |
| Наименование темы | Онкоурология |
| Формальный подзаголовок | Сборники |
| Системный номер авторитетной/нормативной записи | 1793823 |
| Идентификатор авторитетной/нормативной записи | RU\NLR\AUTH\66807506 |
| 686 1# - ИНДЕКСЫ ДРУГИХ КЛАССИФИКАЦИЙ | |
| Индекс | Р69я43 |
| 686 1# - ИНДЕКСЫ ДРУГИХ КЛАССИФИКАЦИЙ | |
| Индекс | Р569.69я43 |
| 801 #1 - ИСТОЧНИК ЗАПИСИ | |
| Страна | Российская Федерация |
| Организация | InfoComm |
| Дата составления | 20040315 |
| 801 #0 - ИСТОЧНИК ЗАПИСИ | |
| Страна | Российская Федерация |
| Организация | NLR |
| Правила каталогизации | PSBO |
| 852 ## - МЕСТОНАХОЖДЕНИЕ И ШИФР ХРАНЕНИЯ | |
| Идентификатор организации | NLR |
| Шифр хранения (Call Number) | П17/1484 |
| 942 ## - ДОПОЛНИТЕЛЬНЫЕ ЭЛЕМЕНТЫ ЗАПИСИ (АБИС) | |
| Тип экземпляра АБИС | Выпуск |
| 980 ## - КОЛЛЕКЦИЯ | |
| Название коллекции | Национальная библиография |
| 980 ## - КОЛЛЕКЦИЯ | |
| Название коллекции | Русская периодика |
Нет доступных экземпляров.